Catalog

Record Details

Catalog Search



User-friendly dictionary, English-Hebrew, Hebrew-English  Cover Image Book Book

User-friendly dictionary, English-Hebrew, Hebrew-English / Shimshon Inbal

Inbal, Shimshon (Author).

Record details

  • Physical Description: 806, 513 s. ; 23 cm
  • Edition: 4th print.
  • Publisher: Jerusalem : S. Zack, 1994

Content descriptions

Bibliography, etc. Note:
Se souběž. názv. hebrej.

Available copies

  • 1 of 1 copy available at Common Catalog SPOK.

Holds

  • 0 current holds with 1 total copy.
Show Only Available Copies
Location Call Number / Copy Notes Barcode Shelving Location Status Due Date
The Jewish community of Prague A 199 A199 Stacks Available -

LDR 00814nam a22002771 4500
00128851
003CZ-PrJAB
00520121031154818.0
007ta
008010131s1994 is ||| | eng
020 . ‡q(Váz.)
035 . ‡a(CZ PrSKC)gk55351345
040 . ‡aABA001 ‡bcze ‡cABA001 ‡dABA001
0410 . ‡aeng ‡aheb
080 . ‡a801.323.2=924=20
080 . ‡a801.323.2=20=924
1001 . ‡aInbal, Shimshon ‡4aut
24510. ‡aUser-friendly dictionary, English-Hebrew, Hebrew-English / ‡cShimshon Inbal
250 . ‡a4th print.
260 . ‡aJerusalem : ‡bS. Zack, ‡c1994
300 . ‡a806, 513 s. ; ‡c23 cm
4901 . ‡aZack Dictionaries
504 . ‡aSe souběž. názv. hebrej.
830 0. ‡aZack Dictionaries
910 . ‡aABE461 ‡bA 199
964 . ‡aAngličtina - hebrejština - slovníky
964 . ‡aHebrejština - angličtina - slovníky
905 . ‡uAneta
901 . ‡a28851 ‡b ‡c28851 ‡tbiblio ‡sSystem Local

Additional Resources